000 01964nam a22002177a 4500
999 _c58517
_d58517
003 Ge_BSU
005 20221221133521.0
008 220516s2022 ge ||||| |||| 00| 0 geo d
041 _ageo
080 _a54 ც-34
100 _aხახუტაიშვილი, მერი
_913733
245 _aოჯ. Vacciniaceae-ს სახეობებისა და ინტროდუცირებული ჯიშების ბიოლოგიურად აქტიური ნაერთები :
_bდისერტაცია /
_cმერი ხახუტაიშვილი; სამეცნიერო ხელმძღვანელი მ. ვანიძე; ბათუმის შოთა რუსთაველის სახელმწიფო უნივერსიტეტი. საბუნებისმეტყველო მეცნიერებათა და ჯანდაცვის ფაკულტეტი. ქიმიის დეპარტამენტი.
264 _aბათუმი,
_c2022.
300 _a133 გვ. :
_bილ. ;
_c30 სმ.
504 _aბიბლიოგრ. გვ. 121-133
653 _aოჯ. Vacciniaceae-ს სახეობებისა და ინტროდუცირებული ჯიშების ბიოლოგიურად აქტიური ნაერთები
653 _aქიმია
700 _aვანიძე, მ.
_eსამეცნიერო ხელმძღვანელი
_913734
710 _aბათუმის შოთა რუსთაველის სახელმწიფო უნივერსიტეტი.
_bსაბუნებისმეტყველო მეცნიერებათა და ჯანდაცვის ფაკულტეტი. ქიმიის დეპარტამენტი.
_913735
942 _2udc
_cDS